| 000 | 00537nam a2200193Ia 4500 | ||
|---|---|---|---|
| 003 | OSt | ||
| 005 | 20240913115338.0 | ||
| 008 | 240126s9999 xx 000 0 und d | ||
| 020 | _a9789385114472 | ||
| 040 | _c0 | ||
| 041 | _aEnglish | ||
| 082 | _a343.54 KAM;1 R | ||
| 100 | _aKamal Publishers. | ||
| 245 | 0 | _aLaw mann's information technology Act, 2000 (act no 21 of 2000) : as amended by the finance act, 2017 (7 of 2017) | |
| 260 |
_bKamal Publishers _aNew Delhi |
||
| 300 | _axv, 198 | ||
| 440 | _aNULL | ||
| 942 |
_cLL _2ddc |
||
| 999 |
_c284656 _d284656 |
||